00233nam a2200097Ia 4500008004100000100001500041245002500056260003800081300000800119650000800127191201s2005 xx 000 0 und d aVEDPRAKASH 0aBusiness Environment aN. delhibAnmol Publicationc2005 a676 aBBA